Superhero Movie Posters Quiz Stats

 Plays Quiz Updated Jun 7, 2018

Score 0/30 Timer 05:00
1 Play Today
% Correct
Batman
98.5%
Spider-Man
98.1%
Marvel's The Avengers
96.6%
Green Lantern
96.2%
Superman: The Movie
95.8%
The Wolverine
95.7%
Deadpool
94.1%
The Incredibles
93.6%
Guardians of the Galaxy
92.8%
Doctor Strange
91.7%
Supergirl
90.8%
The Mask
89%
Justice League
88.7%
Ant-Man
88.5%
Teenage Mutant Ninja Turtles
85%
% Correct
Kick-Ass
78.6%
Blade
77.9%
Hellboy
67.3%
Elektra
66%
Watchmen
62%
Judge Dredd
57.4%
The Green Hornet
47.8%
Swamp Thing
46.3%
Spawn
40.1%
The Rocketeer
33.5%
The Phantom
32.6%
The Crow
27%
Darkman
20.6%
The Shadow
19%
The Spirit
9.3%

You're not logged in!

Compare scores with friends on all Sporcle quizzes.
OR
Log In

Sporcle TV

Today on Sporcle TV


Watch our educational content, quiz creation guides, and fun videos on Sporcle TV.

Show Comments

Extras

Top Quizzes Today


Score Distribution

Your Account Isn't Verified!

In order to create a playlist on Sporcle, you need to verify the email address you used during registration. Go to your Sporcle Settings to finish the process.

Report this User

Report this user for behavior that violates our Community Guidelines.

Details: